<?xml version="1.0" encoding="UTF-8"?>
<record
    xmlns:xsi="http://www.w3.org/2001/XMLSchema-instance"
    xsi:schemaLocation="http://www.loc.gov/MARC21/slim http://www.loc.gov/standards/marcxml/schema/MARC21slim.xsd"
    xmlns="http://www.loc.gov/MARC21/slim">

  <leader>00904nam a22002297a 4500</leader>
  <controlfield tag="008">240706b        mp ||||| |||| 00| 0 mon d</controlfield>
  <datafield tag="020" ind1=" " ind2=" ">
    <subfield code="a">978-99929-0-223-&#x425;</subfield>
  </datafield>
  <datafield tag="035" ind1=" " ind2=" ">
    <subfield code="a">1729</subfield>
  </datafield>
  <datafield tag="040" ind1=" " ind2=" ">
    <subfield code="a">BH0164090</subfield>
    <subfield code="b">mon</subfield>
    <subfield code="c">MN-UlNLM</subfield>
    <subfield code="d">MN-UlNLM</subfield>
    <subfield code="e">rda</subfield>
  </datafield>
  <datafield tag="041" ind1=" " ind2=" ">
    <subfield code="a">mon</subfield>
  </datafield>
  <datafield tag="042" ind1=" " ind2=" ">
    <subfield code="a">50498</subfield>
  </datafield>
  <datafield tag="084" ind1=" " ind2=" ">
    <subfield code="2">NNA</subfield>
    <subfield code="a">84 /5&#x410;&#x43D;&#x433;&#x43B;/</subfield>
    <subfield code="b">&#x427;.205</subfield>
  </datafield>
  <datafield tag="100" ind1=" " ind2=" ">
    <subfield code="a">&#x427;&#x430;&#x43D;&#x434;&#x430;&#x440; &#x41A;.</subfield>
  </datafield>
  <datafield tag="245" ind1=" " ind2="0">
    <subfield code="a">&#x41C;&#x44F;&#x43D;&#x433;&#x430;&#x43D; &#x44D;&#x440;&#x438;&#x439;&#x43D; &#x441;&#x44D;&#x442;&#x433;&#x44D;&#x43B; &#x431;&#x443;&#x43B;&#x430;&#x430;&#x441;&#x430;&#x43D; &#x431;&#x4AF;&#x441;&#x433;&#x4AF;&#x439;</subfield>
  </datafield>
  <datafield tag="264" ind1=" " ind2=" ">
    <subfield code="a">&#x423;&#x43B;&#x430;&#x430;&#x43D;&#x431;&#x430;&#x430;&#x442;&#x430;&#x440;</subfield>
    <subfield code="b">&#x410;&#x414;&#x41C;&#x41E;&#x41D;</subfield>
    <subfield code="c">2009</subfield>
  </datafield>
  <datafield tag="300" ind1=" " ind2=" ">
    <subfield code="a">147&#x445;.</subfield>
  </datafield>
  <datafield tag="336" ind1=" " ind2=" ">
    <subfield code="2">rdacontent</subfield>
    <subfield code="a">text</subfield>
    <subfield code="b">txt</subfield>
  </datafield>
  <datafield tag="337" ind1=" " ind2=" ">
    <subfield code="2">rdamedia</subfield>
    <subfield code="a">unmediated</subfield>
    <subfield code="b">n</subfield>
  </datafield>
  <datafield tag="338" ind1=" " ind2=" ">
    <subfield code="2">rdacarrier</subfield>
    <subfield code="a">volume</subfield>
    <subfield code="b">nc</subfield>
  </datafield>
  <datafield tag="650" ind1=" " ind2=" ">
    <subfield code="a">&#x413;&#x43E;&#x43E; &#x4AF;&#x437;&#x44D;&#x441;&#x433;&#x44D;&#x43B;&#x44D;&#x43D;&#x442;&#x44D;&#x439; &#x445;&#x44D;&#x434;&#x438;&#x439; &#x447; &#x44F;&#x434;&#x443;&#x443; &#x433;&#x443;&#x439;&#x43B;&#x433;&#x430;&#x447;&#x438;&#x43D; &#x446;&#x44B;&#x433;&#x430;&#x43D; &#x431;&#x4AF;&#x441;&#x433;&#x4AF;&#x439; &#x41B;&#x430;&#x447;&#x438;&#x433;&#x438;&#x439;&#x43D; &#x445;&#x430;&#x439;&#x440; &#x441;&#x44D;&#x442;&#x433;&#x44D;&#x43B;, &#x44D;&#x43C;&#x433;&#x44D;&#x43D;&#x44D;&#x43B;&#x442; &#x445;&#x443;&#x432;&#x44C; &#x442;&#x430;&#x432;&#x438;&#x43B;&#x430;&#x43D;&#x433;&#x438;&#x439;&#x43D; &#x442;&#x443;&#x445;&#x430;&#x439; &#x4E9;&#x433;&#x4AF;&#x4AF;&#x43B;&#x43D;&#x44D;  &#x41B;&#x430;&#x447;&#x438;&#x433;&#x438;&#x439;&#x43D; &#x445;&#x430;&#x439;...</subfield>
  </datafield>
  <datafield tag="942" ind1=" " ind2=" ">
    <subfield code="2">NNA</subfield>
    <subfield code="c">BK</subfield>
  </datafield>
  <datafield tag="952" ind1=" " ind2=" ">
    <subfield code="0">0</subfield>
    <subfield code="1">0</subfield>
    <subfield code="4">0</subfield>
    <subfield code="6">84_5&#x410;&#x41D;&#x413;&#x41B;_&#x427;205</subfield>
    <subfield code="7">0</subfield>
    <subfield code="8">BH0163</subfield>
    <subfield code="a">BH0164090</subfield>
    <subfield code="b">BH0164090</subfield>
    <subfield code="c">BH0163</subfield>
    <subfield code="d">2024-07-07</subfield>
    <subfield code="g">4500.00</subfield>
    <subfield code="l">0</subfield>
    <subfield code="o">84 /5&#x410;&#x43D;&#x433;&#x43B;/  &#x427;.205</subfield>
    <subfield code="p">BH0161729-3-1</subfield>
    <subfield code="r">2024-07-07</subfield>
    <subfield code="t">39355</subfield>
    <subfield code="y">BK</subfield>
  </datafield>
  <datafield tag="999" ind1=" " ind2=" ">
    <subfield code="c">1101455</subfield>
    <subfield code="d">1101512</subfield>
  </datafield>
</record>
